[Event "2. Bundesliga West 2017/18"]
[Site "Eisengasse 19a, 6850 Dornbirn"]
[Date "2017.10.15"]
[Round "3"]
[Board "4"]
[White "Laske, Erich"]
[Black "Ciolek, Andreas"]
[Result "0-1"]
[WhiteElo "2051"]
[BlackElo "2218"]
[PlyCount "66"]
[EventDate "2017.10.13"]
[EventType "team"]
[EventRounds "11"]
[EventCountry "AUT"]
[WhiteTeam "Goetzis 2"]
[BlackTeam "Bregenz"]

1. c4 Nf6 2. Nc3 g6 3. e4 d6 4. d4 Bg7 5. Be2 O-O 6. Be3 c5 7. e5 Ne8 8. dxc5
Bxe5 9. Bh6 Bg7 10. Bxg7 Kxg7 11. h4 Nc6 12. h5 g5 13. h6+ Kh8 14. Qd2 f6 15.
Rd1 Bf5 16. cxd6 Nxd6 17. Nf3 Qa5 18. Nd4 Ne5 19. b3 e6 20. f3 Rad8 21. g4 Bg6
22. Nxe6 Rfe8 23. Nd4 Ndxc4 24. bxc4 Rxd4 25. Qe3 Rxd1+ 26. Kxd1 Nxc4 27. Qc1
Ne3+ 28. Kd2 Rd8+ 29. Ke1 Nc2+ 30. Kf2 Qxc3 31. Kg3 Rd2 32. Bd1 Qe3 33. Rh2
Qf4+  0-1

[Event "2. Bundesliga West 2017/18"]
[Site "Eisengasse 19a, 6850 Dornbirn"]
[Date "2017.10.15"]
[Round "3"]
[Board "5"]
[White "Poettinger, Harald"]
[Black "Ferk, Martin"]
[Result "1/2-1/2"]
[WhiteElo "2198"]
[BlackElo "1906"]
[PlyCount "70"]
[EventDate "2017.10.13"]
[EventType "team"]
[EventRounds "11"]
[EventCountry "AUT"]
[WhiteTeam "Bregenz"]
[BlackTeam "Goetzis 2"]

1. d4 Nf6 2. Bf4 e6 3. e3 d5 4. Nf3 c5 5. c3 Qb6 6. Qb3 Qxb3 7. axb3 a6 8. h3
Bd7 9. Nbd2 cxd4 10. exd4 Nc6 11. b4 Na7 12. Ne5 Bb5 13. Nd3 Nd7 14. Nb3 Be7
15. Kd2 O-O 16. Be2 Rfc8 17. Rhe1 h6 18. Na5 b6 19. Nb3 Bc4 20. Nbc1 Nb5 21.
Bd1 Nf6 22. f3 a5 23. bxa5 Rxa5 24. Rxa5 bxa5 25. Ba4 Bd6 26. Bxd6 Nxd6 27. Nc5
Bb5 28. Bxb5 Nxb5 29. N1d3 Ne8 30. Nb7 a4 31. Nbc5 a3 32. b3 Ned6 33. Ra1 Nf5
34. Ra2 Nh4 35. Ne1 e5  1/2-1/2

[Event "2. Bundesliga West 2017/18"]
[Site "Eisengasse 19a, 6850 Dornbirn"]
[Date "2017.10.15"]
[Round "3"]
[Board "6"]
[White "Lochner, Herbert"]
[Black "Kozissnik, Christian"]
[Result "0-1"]
[WhiteElo "1974"]
[BlackElo "1904"]
[PlyCount "70"]
[EventDate "2017.10.13"]
[EventType "team"]
[EventRounds "11"]
[EventCountry "AUT"]
[WhiteTeam "Goetzis 2"]
[BlackTeam "Bregenz"]

1. Nf3 e6 2. g3 d5 3. Bg2 Nf6 4. O-O c5 5. d3 Nc6 6. Nbd2 Be7 7. Re1 O-O 8. e4
Qc7 9. e5 Nd7 10. Qe2 b5 11. Nf1 Bb7 12. Bf4 a5 13. h4 Nb6 14. N1h2 d4 15. Ng4
Nd5 16. Bg5 Rae8 17. Bh3 Nd8 18. Bxe7 Qxe7 19. Ng5 f6 20. exf6 Nxf6 21. Ne5 Qd6
22. Bg2 Bxg2 23. Kxg2 h6 24. Nh3 Nd5 25. Ng6 Rf6 26. Qh5 Rf5 27. Qg4 h5 28. Qe4
Nf6 29. Qa8 Nc6 30. Qb7 Kh7 31. Qf7 Nd8 32. Ng5+ Rxg5 33. Qxe8 Nxe8 34. hxg5
Kxg6 35. f4 Nc7  0-1

[Event "2. Bundesliga West 2017/18"]
[Site "5202 Neumarkt am Wallersee"]
[Date "2017.10.15"]
[Round "3"]
[Board "1"]
[White "Zelbel, Patrick"]
[Black "Riediger, Martin"]
[Result "1-0"]
[WhiteElo "2455"]
[BlackElo "2288"]
[PlyCount "63"]
[EventDate "2017.10.13"]
[EventType "team"]
[EventRounds "11"]
[EventCountry "AUT"]
[WhiteTeam "Kufstein/Woergl"]
[BlackTeam "Ranshofen"]

1. e4 e6 2. d4 d5 3. Nd2 Nf6 4. e5 Nfd7 5. f4 c5 6. c3 cxd4 7. cxd4 Nc6 8. Ndf3
a5 9. Bd3 Nb6 10. Ne2 a4 11. a3 Na5 12. Rb1 Nb3 13. O-O Nc4 14. f5 exf5 15.
Bxc4 dxc4 16. d5 Bc5+ 17. Kh1 f4 18. Nxf4 Bf5 19. Nh5 Bxb1 20. Bg5 Be7 21.
Nxg7+ Kd7 22. Qxb1 Bxg5 23. Qf5+ Kc7 24. d6+ Kb6 25. Nxg5 Qf8 26. Nh5 Rg8 27.
Nf6 Qg7 28. Nxg8 Rxg8 29. Qf2+ Kb5 30. Nxf7 Nc5 31. Qf3 b6 32. Qd5  1-0

[Event "2. Bundesliga West 2017/18"]
[Site "5202 Neumarkt am Wallersee"]
[Date "2017.10.15"]
[Round "3"]
[Board "2"]
[White "Knechtel, Roland"]
[Black "Koepke, Christian"]
[Result "1/2-1/2"]
[WhiteElo "2245"]
[BlackElo "2290"]
[PlyCount "67"]
[EventDate "2017.10.13"]
[EventType "team"]
[EventRounds "11"]
[EventCountry "AUT"]
[WhiteTeam "Ranshofen"]
[BlackTeam "Kufstein/Woergl"]

1. Nf3 Nf6 2. c4 g6 3. b4 Bg7 4. Bb2 O-O 5. e3 d6 6. d3 e5 7. Nbd2 Nh5 8. Qc2
a5 9. b5 Nd7 10. Be2 f5 11. d4 Qe7 12. g3 Nhf6 13. dxe5 Nxe5 14. Nxe5 dxe5 15.
c5 f4 16. e4 Ng4 17. Nf3 c6 18. h3 Nh6 19. g4 cxb5 20. Bxb5 Nf7 21. Bc4 Bd7 22.
Rc1 Kh8 23. Qb3 a4 24. Qc3 Rae8 25. Bd5 Bc6 26. Kf1 h5 27. gxh5 gxh5 28. Rd1
Ng5 29. Nh4 Kh7 30. Bxc6 bxc6 31. Rd6 Rf6 32. Nf5 Qf7 33. Qc2 Bf8 34. Qxa4
 1/2-1/2

[Event "2. Bundesliga West 2017/18"]
[Site "5202 Neumarkt am Wallersee"]
[Date "2017.10.15"]
[Round "3"]
[Board "3"]
[White "Levushkina, Elena"]
[Black "Brehovsky, Paul"]
[Result "1-0"]
[WhiteElo "2309"]
[BlackElo "2133"]
[PlyCount "79"]
[EventDate "2017.10.13"]
[EventType "team"]
[EventRounds "11"]
[EventCountry "AUT"]
[WhiteTeam "Kufstein/Woergl"]
[BlackTeam "Ranshofen"]

1. e4 e6 2. d4 d5 3. Nd2 Nf6 4. e5 Nfd7 5. Bd3 c5 6. c3 Nc6 7. Ne2 cxd4 8. cxd4
f6 9. exf6 Qxf6 10. Nf3 h6 11. O-O Bd6 12. Ng3 O-O 13. Bc2 Rd8 14. Re1 Nf8 15.
Ne5 Bxe5 16. dxe5 Qh4 17. f4 Bd7 18. a3 Rac8 19. Bd2 Be8 20. Kh1 Bg6 21. f5 Nd4
22. Bd3 Bxf5 23. Nxf5 exf5 24. Rf1 Nfe6 25. Bxf5 Nxf5 26. Rxf5 Qe4 27. Rf1 Rf8
28. Re1 Qg6 29. Bb4 Rf2 30. Qxd5 Rcc2 31. Rg1 Kh7 32. Raf1 Nf4 33. Rxf2 Rxf2
34. Qxb7 Rxb2 35. Qf3 Nd3 36. h3 Nxe5 37. Qe3 Nd3 38. Bd2 Ra2 39. Bb4 a5 40.
Bc5  1-0

[Event "2. Bundesliga West 2017/18"]
[Site "5202 Neumarkt am Wallersee"]
[Date "2017.10.15"]
[Round "3"]
[Board "4"]
[White "Kuecher, Wolfgang"]
[Black "Blaskowski, Johannes"]
[Result "1/2-1/2"]
[WhiteElo "2123"]
[BlackElo "2269"]
[PlyCount "59"]
[EventDate "2017.10.13"]
[EventType "team"]
[EventRounds "11"]
[EventCountry "AUT"]
[WhiteTeam "Ranshofen"]
[BlackTeam "Kufstein/Woergl"]

1. d4 Nf6 2. Nf3 g6 3. g3 Bg7 4. Bg2 d6 5. O-O O-O 6. c4 c6 7. Nc3 Qc7 8. e4 e5
9. h3 Re8 10. Be3 Nbd7 11. Qc2 b6 12. Rfd1 Bb7 13. Rac1 Rac8 14. Qd2 exd4 15.
Nxd4 Nc5 16. f3 Rcd8 17. b4 Ne6 18. Qf2 Nxd4 19. Bxd4 c5 20. Nd5 Nxd5 21. cxd5
Bxd4 22. Qxd4 Qd7 23. bxc5 bxc5 24. Qb2 Rb8 25. Rb1 Qc7 26. Qa3 Bc8 27. Rxb8
Qxb8 28. Qb3 Qxb3 29. axb3 Re7 30. Ra1  1/2-1/2

[Event "2. Bundesliga West 2017/18"]
[Site "5202 Neumarkt am Wallersee"]
[Date "2017.10.15"]
[Round "3"]
[Board "5"]
[White "Neuschmied, Siegfried"]
[Black "Doppelhammer, Herbert"]
[Result "1-0"]
[WhiteElo "2155"]
[BlackElo "2017"]
[PlyCount "75"]
[EventDate "2017.10.13"]
[EventType "team"]
[EventRounds "11"]
[EventCountry "AUT"]
[WhiteTeam "Kufstein/Woergl"]
[BlackTeam "Ranshofen"]

1. e4 e5 2. Nf3 Nc6 3. Bb5 f5 4. d3 fxe4 5. dxe4 Nf6 6. O-O Bc5 7. Bxc6 bxc6 8.
Nxe5 O-O 9. Nc3 d6 10. Nd3 Bd4 11. Qe1 Qe8 12. Be3 Bxc3 13. Qxc3 Qxe4 14. Rfe1
Qa4 15. b3 Nd5 16. Qd2 Qh4 17. Bg5 Qd4 18. c4 Nf6 19. Be3 Qh4 20. Nb4 Bb7 21.
c5 dxc5 22. Bxc5 Rf7 23. f3 a5 24. Nd3 Rd8 25. Qf2 Qxf2+ 26. Nxf2 Rfd7 27. Ne4
h6 28. Bf2 Re7 29. Nc5 Rxe1+ 30. Bxe1 Bc8 31. Bxa5 Bf5 32. Be1 Rd5 33. Rc1 Nd7
34. Na6 Ne5 35. Nb4 Ra5 36. Nxc6 Nxc6 37. Bxa5 Nxa5 38. Rc5  1-0

[Event "2. Bundesliga West 2017/18"]
[Site "5202 Neumarkt am Wallersee"]
[Date "2017.10.15"]
[Round "3"]
[Board "6"]
[White "Stadler, Alexander"]
[Black "Atzl, Florian"]
[Result "1/2-1/2"]
[WhiteElo "2112"]
[BlackElo "2107"]
[PlyCount "128"]
[EventDate "2017.10.13"]
[EventType "team"]
[EventRounds "11"]
[EventCountry "AUT"]
[WhiteTeam "Ranshofen"]
[BlackTeam "Kufstein/Woergl"]

1. d4 Nf6 2. Bf4 e6 3. e3 c5 4. c3 d5 5. Nd2 Nc6 6. Ngf3 Be7 7. Ne5 Qb6 8. Rb1
Nd7 9. Bd3 cxd4 10. Nxd7 Bxd7 11. exd4 a5 12. O-O Bf6 13. Nf3 Ne7 14. Qe2 Ng6
15. Bg3 O-O 16. h4 Ne7 17. Be5 Bxe5 18. dxe5 f6 19. Rfe1 Nc6 20. Qe3 Qxe3 21.
Rxe3 fxe5 22. Nxe5 Nxe5 23. Rxe5 Rf4 24. g3 Rf3 25. Be2 Rf6 26. f4 b5 27. Rd1
g6 28. Bg4 Rc8 29. Be2 Rc7 30. Rd4 Rf8 31. h5 Kg7 32. a3 Rb8 33. Kf2 Kf6 34.
Bd3 Be8 35. g4 Rb6 36. g5+ Kf7 37. hxg6+ hxg6 38. Be2 Bd7 39. Kg3 Rc8 40. Rd1
Kg7 41. Bg4 b4 42. axb4 axb4 43. cxb4 Rc2 44. Ra1 Kf7 45. Ra7 Ke7 46. b5 Rxb2
47. Rxd5 exd5 48. Rxd7+ Kf8 49. Rd8+ Ke7 50. Rd7+ Kf8 51. f5 gxf5 52. Bxf5
R2xb5 53. g6 d4 54. Rd8+ Kg7 55. Rd7+ Kf8 56. Kg4 Rf6 57. Bd3 Rc5 58. Rd8+ Kg7
59. Rd7+ Kf8 60. Rxd4 Rc7 61. Kg5 Kg7 62. Bf5 Rxf5+ 63. Kxf5 Rc5+ 64. Ke4 Kxg6
 1/2-1/2

[Event "2. Bundesliga West 2017/18"]
[Site "5202 Neumarkt am Wallersee"]
[Date "2017.10.15"]
[Round "3"]
[Board "1"]
[White "Westermeier, Arnulf"]
[Black "Hertneck, Gerald"]
[Result "1/2-1/2"]
[WhiteElo "2246"]
[BlackElo "2498"]
[PlyCount "164"]
[EventDate "2017.10.13"]
[EventType "team"]
[EventRounds "11"]
[EventCountry "AUT"]
[WhiteTeam "ASK Salzburg"]
[BlackTeam "Sparkasse Neumarkt"]

1. e4 g6 2. d4 Bg7 3. Nc3 d6 4. Nf3 Nf6 5. Bf4 Bg4 6. Qd2 Bxf3 7. gxf3 Nbd7 8.
O-O-O e5 9. dxe5 dxe5 10. Bg5 h6 11. Be3 c6 12. Bc4 Qe7 13. Kb1 Nb6 14. Bb3
Nfd7 15. a3 Nc5 16. Ba2 Ne6 17. Ne2 Ng5 18. Qc3 Qf6 19. h4 Ne6 20. Bxe6 Qxe6
21. h5 g5 22. Ng3 O-O 23. Nf5 Rfd8 24. Rd3 Rxd3 25. Qxd3 Nd7 26. Rd1 Nf6 27.
Qc3 Qe8 28. Rd6 Kh7 29. Qb3 b6 30. Ng3 Kg8 31. Nf5 Rd8 32. Qd3 Rxd6 33. Qxd6
Nxh5 34. Nxh6+ Bxh6 35. Qxh6 f6 36. Kc1 Qf7 37. b3 Ng7 38. Qh3 Qe6 39. Qxe6+
Nxe6 40. Kd2 Kf7 41. a4 Ke7 42. a5 c5 43. axb6 axb6 44. b4 cxb4 45. Bxb6 Kd6
46. Be3 Kc6 47. c3 bxc3+ 48. Kxc3 Kd6 49. Kc4 Ke7 50. Kd5 Kf7 51. Kc4 Kg6 52.
Kd5 Kf7 53. Kc4 Nf8 54. Kd3 Ng6 55. Bb6 Nf4+ 56. Ke3 Kg6 57. Bc7 Ne6 58. Bd6
Nd4 59. Bc5 Nc6 60. Bd6 f5 61. exf5+ Kxf5 62. Bc5 Nd8 63. Bb6 Ne6 64. Ba7 Nf4
65. Bc5 Nd5+ 66. Ke2 Kf4 67. Bd6 Nc3+ 68. Kf1 Nb5 69. Be7 Nd4 70. Kg2 Nxf3 71.
Bc5 Kg4 72. Bd6 e4 73. Be7 Nh4+ 74. Kf1 Ng6 75. Bd8 Nf4 76. Be7 Ng6 77. Bd8 Nh4
78. Ke2 Nf5 79. Bf6 Kf4 80. Bc3 Kg4 81. Bf6 Kh4 82. f4 exf3+  1/2-1/2

[Event "2. Bundesliga West 2017/18"]
[Site "5202 Neumarkt am Wallersee"]
[Date "2017.10.15"]
[Round "3"]
[Board "2"]
[White "Manakov, Ilya"]
[Black "Frank, Emanuel"]
[Result "0-1"]
[WhiteElo "2376"]
[BlackElo "2165"]
[PlyCount "108"]
[EventDate "2017.10.13"]
[EventType "team"]
[EventRounds "11"]
[EventCountry "AUT"]
[WhiteTeam "Sparkasse Neumarkt"]
[BlackTeam "ASK Salzburg"]

1. c4 e6 2. Nf3 d5 3. d4 Nf6 4. g3 Bb4+ 5. Bd2 Bd6 6. Bg2 c6 7. O-O Nbd7 8. Qc2
O-O 9. Bg5 h6 10. Bxf6 Nxf6 11. Nbd2 b6 12. e4 Be7 13. e5 Nd7 14. cxd5 cxd5 15.
Rac1 Bb7 16. Qc7 Rb8 17. Rfe1 Qxc7 18. Rxc7 Rfd8 19. Bf1 Kf8 20. Bb5 Ke8 21.
Rec1 a6 22. Bc6 Bxc6 23. R1xc6 Nf8 24. Rc2 Rd7 25. R7c6 Ra7 26. Kf1 Kd7 27. Ne1
Bc5 28. R6xc5 bxc5 29. dxc5 Ng6 30. Nd3 Ne7 31. Nf3 Nc6 32. a3 Rb3 33. Ke2 f6
34. Kd2 Rab7 35. h4 Rb8 36. h5 Ke7 37. Ke2 fxe5 38. Ndxe5 Nxe5 39. Nxe5 Rxb2
40. Nc6+ Ke8 41. Rxb2 Rxb2+ 42. Kd3 Rb3+ 43. Kd4 Rxa3 44. Ke5 Kd7 45. Nd4 Ra4
46. c6+ Kc7 47. Nxe6+ Kxc6 48. Nd8+ Kc5 49. Ne6+ Kc4 50. Nxg7 d4 51. Ke4 d3 52.
Nf5 Kc3+ 53. Kf3 d2 54. Ne3 Ra1  0-1

[Event "2. Bundesliga West 2017/18"]
[Site "5202 Neumarkt am Wallersee"]
[Date "2017.10.15"]
[Round "3"]
[Board "3"]
[White "Besner, Bernhard"]
[Black "Eichler, Christoph"]
[Result "0-1"]
[WhiteElo "2157"]
[BlackElo "2286"]
[PlyCount "84"]
[EventDate "2017.10.13"]
[EventType "team"]
[EventRounds "11"]
[EventCountry "AUT"]
[WhiteTeam "ASK Salzburg"]
[BlackTeam "Sparkasse Neumarkt"]

1. e4 e5 2. Nf3 Nc6 3. Bc4 Nf6 4. Ng5 d5 5. exd5 Na5 6. Bb5+ c6 7. dxc6 bxc6 8.
Bd3 Ng4 9. Ne4 f5 10. Be2 h5 11. h3 fxe4 12. hxg4 Bc5 13. d3 Qb6 14. Be3 Bxe3
15. fxe3 Qxe3 16. Qd2 Qg3+ 17. Kd1 Bxg4 18. Bxg4 Qxg4+ 19. Qe2 Qxe2+ 20. Kxe2
exd3+ 21. cxd3 Nb7 22. Nd2 Nd6 23. Rac1 Nf5 24. Ne4 Kd7 25. Rc5 Rab8 26. b3 Rb5
27. Rhc1 h4 28. Kd2 Nd4 29. R5c4 Rh6 30. Rf1 Ra5 31. Kc3 Rxa2 32. Rf7+ Ke8 33.
Rxg7 a5 34. Rxd4 exd4+ 35. Kxd4 Kf8 36. Rd7 Rxg2 37. Ra7 h3 38. Ra8+ Ke7 39.
Ra7+ Kd8 40. Kc5 h2 41. Ra8+ Ke7 42. Ra7+ Ke6  0-1

[Event "2. Bundesliga West 2017/18"]
[Site "5202 Neumarkt am Wallersee"]
[Date "2017.10.15"]
[Round "3"]
[Board "4"]
[White "Wuppinger, Manfred"]
[Black "Juergens, Klaus"]
[Result "1/2-1/2"]
[WhiteElo "2066"]
[BlackElo "2102"]
[PlyCount "59"]
[EventDate "2017.10.13"]
[EventType "team"]
[EventRounds "11"]
[EventCountry "AUT"]
[WhiteTeam "Sparkasse Neumarkt"]
[BlackTeam "ASK Salzburg"]

1. e4 c5 2. c3 Nf6 3. e5 Nd5 4. d4 cxd4 5. Qxd4 e6 6. Nf3 Nc6 7. Qe4 d6 8. Bb5
Bd7 9. exd6 Bxd6 10. Qg4 Qf6 11. Nbd2 h5 12. Qe4 Bf4 13. Nc4 Bxc1 14. Rxc1 Qf4
15. Qxf4 Nxf4 16. Ne3 a6 17. Bf1 O-O-O 18. g3 Nd5 19. Nc4 Kc7 20. Nce5 Nxe5 21.
Nxe5 Be8 22. Bh3 f6 23. Nf3 e5 24. O-O Bc6 25. Bg2 g5 26. h4 g4 27. Ne1 f5 28.
Nc2 f4 29. Rfe1 Rhe8 30. Be4  1/2-1/2

[Event "2. Bundesliga West 2017/18"]
[Site "5202 Neumarkt am Wallersee"]
[Date "2017.10.15"]
[Round "3"]
[Board "5"]
[White "Scheiblmaier, Robert"]
[Black "Egger, Martin"]
[Result "1-0"]
[WhiteElo "2183"]
[BlackElo "2065"]
[PlyCount "137"]
[EventDate "2017.10.13"]
[EventType "team"]
[EventRounds "11"]
[EventCountry "AUT"]
[WhiteTeam "ASK Salzburg"]
[BlackTeam "Sparkasse Neumarkt"]

1. d4 d5 2. c4 e6 3. Nf3 Nf6 4. g3 Be7 5. Bg2 O-O 6. O-O dxc4 7. Qc2 a6 8. a4
Bd7 9. Qxc4 Bc6 10. Bg5 Bd5 11. Qc2 Be4 12. Qd2 c5 13. dxc5 Bxc5 14. Qf4 Bxf3
15. Bxf3 Nc6 16. Nc3 Be7 17. Rfd1 Qb6 18. Bxc6 Qxc6 19. Rac1 Rfd8 20. Rxd8+
Rxd8 21. Bxf6 Bxf6 22. Ne4 e5 23. Rxc6 exf4 24. Nxf6+ gxf6 25. Rxf6 fxg3 26.
hxg3 b5 27. axb5 axb5 28. Rf5 Rd2 29. Rxb5 Rxe2 30. Kg2 Kg7 31. Kf3 Rd2 32. Ke3
Rc2 33. g4 h6 34. f3 Kg6 35. Kd3 Rf2 36. Ke3 Rc2 37. Rb8 Kg7 38. Kd3 Rf2 39.
Ke4 Rg2 40. Kf5 Rf2 41. Kf4 Rd2 42. b3 Rb2 43. Rb5 Rb1 44. Kf5 Rf1 45. Ke4 Rb1
46. Kd4 h5 47. gxh5 Kf6 48. Ke4 Kg7 49. Rb6 Re1+ 50. Kf5 Re3 51. f4 Rh3 52. h6+
Kh7 53. b4 Rh5+ 54. Kg4 Rd5 55. Kf3 Rd4 56. b5 Rb4 57. Kg4 f6 58. Kf5 Kxh6 59.
Rxf6+ Kg7 60. Rb6 Rb1 61. Rb7+ Kh6 62. Kf6 Rf1 63. f5 Rb1 64. Rb8 Kh7 65. b6
Rb2 66. Ke6 Re2+ 67. Kd6 Kg7 68. Rc8 Rb2 69. Rc6  1-0

[Event "2. Bundesliga West 2017/18"]
[Site "5202 Neumarkt am Wallersee"]
[Date "2017.10.15"]
[Round "3"]
[Board "6"]
[White "Baier, Patrick"]
[Black "Herrmann, Michael"]
[Result "1-0"]
[WhiteElo "2024"]
[BlackElo "2079"]
[PlyCount "119"]
[EventDate "2017.10.13"]
[EventType "team"]
[EventRounds "11"]
[EventCountry "AUT"]
[WhiteTeam "Sparkasse Neumarkt"]
[BlackTeam "ASK Salzburg"]

1. e4 c6 2. d4 d5 3. exd5 cxd5 4. Bd3 Nc6 5. c3 Nf6 6. h3 e5 7. dxe5 Nxe5 8.
Nf3 Nxd3+ 9. Qxd3 Be7 10. O-O O-O 11. Bg5 h6 12. Bxf6 Bxf6 13. Nbd2 Qb6 14. Nb3
Rd8 15. Rad1 Bd7 16. Rfe1 Ba4 17. Qe3 Qc7 18. Rd3 b6 19. Nbd4 Re8 20. Qd2 Re4
21. Nf5 Bc6 22. Ne3 Rae8 23. Rd1 d4 24. cxd4 Rf4 25. d5 Bb5 26. d6 Qd7 27. Nd5
Rf5 28. Nxf6+ Rxf6 29. Rd5 Be2 30. Re1 Bxf3 31. Rxe8+ Qxe8 32. d7 Qd8 33. gxf3
Re6 34. Qc1 Kf8 35. Qc8 Ke7 36. f4 g6 37. f5 gxf5 38. Rxf5 f6 39. Rd5 Re5 40.
Rd3 Rc5 41. Re3+ Re5 42. Rd3 Rc5 43. Qb7 a5 44. Qe4+ Kf8 45. Qe6 Rg5+ 46. Kf1
Rg7 47. Rd6 b5 48. Qf5 Rf7 49. Qxb5 Kg7 50. Qc6 Kg6 51. Qe4+ Kg7 52. Qe8 Rf8
53. Qxd8 Rxd8 54. Ke2 Kg6 55. Kd3 Kg5 56. Kc4 Kh4 57. Rd3 h5 58. Kc5 Rxd7 59.
Rxd7 Kxh3 60. Rf7  1-0

[Event "2. Bundesliga West 2017/18"]
[Site "OMICRON Electronics"]
[Date "2017.12.02"]
[Round "4"]
[Board "1"]
[White "Nayhebaver, Martin"]
[Black "Bilchinski, Anton"]
[Result "1/2-1/2"]
[WhiteElo "2440"]
[BlackElo "2295"]
[PlyCount "60"]
[EventDate "2017.10.13"]
[EventType "team"]
[EventRounds "11"]
[EventCountry "AUT"]
[WhiteTeam "Bregenz"]
[BlackTeam "Pradl"]

1. e4 Nf6 2. e5 Nd5 3. d4 d6 4. Nf3 g6 5. Bc4 Nb6 6. Bb3 Bg7 7. Ng5 e6 8. f4
dxe5 9. fxe5 O-O 10. O-O c5 11. c3 cxd4 12. cxd4 Nc6 13. Nf3 f6 14. exf6 Qxf6
15. Be3 Nd5 16. Bf2 Nf4 17. Nbd2 Qf5 18. Nc4 Nh3+ 19. gxh3 Qxf3 20. Qxf3 Rxf3
21. Rad1 Rf4 22. Nd6 Na5 23. Ba4 Nc6 24. Be3 Bxd4 25. Bxd4 Rxd4 26. Rxd4 Nxd4
27. Kf2 e5 28. Re1 Bxh3 29. Rxe5 Rf8+ 30. Ke3 Nf5+  1/2-1/2

[Event "2. Bundesliga West 2017/18"]
[Site "OMICRON Electronics"]
[Date "2017.12.02"]
[Round "4"]
[Board "2"]
[White "Doskocil, Klaus"]
[Black "Sergeev, Vladimir"]
[Result "0-1"]
[WhiteElo "2239"]
[BlackElo "2417"]
[PlyCount "72"]
[EventDate "2017.10.13"]
[EventType "team"]
[EventRounds "11"]
[EventCountry "AUT"]
[WhiteTeam "Pradl"]
[BlackTeam "Bregenz"]

1. e4 Nf6 2. e5 Nd5 3. d4 d6 4. Nf3 Bg4 5. Be2 c6 6. O-O Bxf3 7. Bxf3 dxe5 8.
dxe5 e6 9. Qe2 Nd7 10. c4 Ne7 11. b3 Qc7 12. Bb2 Ng6 13. Bh5 Ndxe5 14. f4 Nd7
15. f5 O-O-O 16. fxe6 fxe6 17. g3 Bc5+ 18. Kh1 e5 19. Nd2 Nf6 20. Ne4 Nxe4 21.
Qxe4 Bd4 22. Rab1 Kb8 23. Bc1 Ne7 24. Ba3 Nc8 25. Rf7 Rd7 26. Rbf1 g6 27. Rxd7
Qxd7 28. Bg4 Qc7 29. Rf6 Rd8 30. Be6 Nd6 31. Qg4 a6 32. c5 Nf5 33. Bxf5 gxf5
34. Qxf5 Qa5 35. Rf8 Rxf8 36. Qxf8+ Ka7  0-1

[Event "2. Bundesliga West 2017/18"]
[Site "OMICRON Electronics"]
[Date "2017.12.02"]
[Round "4"]
[Board "3"]
[White "Dobosz, Henryk"]
[Black "Meier, Alexander"]
[Result "1-0"]
[WhiteElo "2378"]
[BlackElo "2210"]
[PlyCount "97"]
[EventDate "2017.10.13"]
[EventType "team"]
[EventRounds "11"]
[EventCountry "AUT"]
[WhiteTeam "Bregenz"]
[BlackTeam "Pradl"]

1. d4 d6 2. Nf3 Bg4 3. Nbd2 g6 4. h3 Bxf3 5. Nxf3 Bg7 6. e4 Nf6 7. Bd3 O-O 8.
O-O Nc6 9. c3 e5 10. dxe5 Nxe5 11. Nxe5 dxe5 12. Be3 Nh5 13. g3 b6 14. Be2 Nf6
15. Qxd8 Raxd8 16. f3 Rd6 17. Rfd1 Rfd8 18. Kf2 Rxd1 19. Bxd1 Bf8 20. b4 Rd3
21. Ke2 Rxc3 22. Bd2 Rc6 23. Bb3 Nh5 24. Be1 Kg7 25. Rd1 Rd6 26. Rc1 c6 27. Bc3
f6 28. Rg1 Rd8 29. Rg2 Be7 30. h4 Kf8 31. Ke3 Bd6 32. Be1 Ke7 33. Rc2 c5 34. b5
f5 35. exf5 gxf5 36. g4 fxg4 37. fxg4 Nf4 38. Ke4 Rf8 39. Rf2 Rc8 40. Bc4 Rd8
41. Bc3 Bc7 42. Rf1 Bb8 43. g5 Bc7 44. h5 Ne6 45. Bxe6 Kxe6 46. Rf6+ Ke7 47.
Rh6 Rd1 48. Rxh7+ Ke8 49. g6  1-0

[Event "2. Bundesliga West 2017/18"]
[Site "OMICRON Electronics"]
[Date "2017.12.02"]
[Round "4"]
[Board "4"]
[White "Everett, Elijah"]
[Black "Hess, Max"]
[Result "0-1"]
[WhiteElo "2190"]
[BlackElo "2251"]
[PlyCount "46"]
[EventDate "2017.10.13"]
[EventType "team"]
[EventRounds "11"]
[EventCountry "AUT"]
[WhiteTeam "Pradl"]
[BlackTeam "Bregenz"]

1. e4 e5 2. Nf3 Nc6 3. Bb5 g6 4. O-O Bg7 5. c3 a6 6. Ba4 d6 7. d4 Bd7 8. d5
Nce7 9. c4 h6 10. Nc3 f5 11. b4 Nf6 12. Nd2 O-O 13. Bxd7 Qxd7 14. f3 c6 15. Nb3
cxd5 16. cxd5 Rac8 17. Qd3 Qc7 18. Bb2 fxe4 19. fxe4 Qb6+ 20. Kh1 Ng4 21. Nd1
Qxb4 22. Rxf8+ Rxf8 23. h3 Qxe4  0-1

[Event "2. Bundesliga West 2017/18"]
[Site "OMICRON Electronics"]
[Date "2017.12.02"]
[Round "4"]
[Board "5"]
[White "Ciolek, Andreas"]
[Black "Lins, Philipp"]
[Result "1-0"]
[WhiteElo "2218"]
[BlackElo "2135"]
[PlyCount "103"]
[EventDate "2017.10.13"]
[EventType "team"]
[EventRounds "11"]
[EventCountry "AUT"]
[WhiteTeam "Bregenz"]
[BlackTeam "Pradl"]

1. e4 d6 2. d4 Nf6 3. Nc3 c6 4. f4 Qa5 5. Bd3 e5 6. Nf3 Bg4 7. dxe5 dxe5 8. h3
Bxf3 9. Qxf3 Nbd7 10. O-O Bd6 11. f5 O-O-O 12. a3 Kb8 13. Bd2 Qc7 14. b4 Ka8
15. Rfb1 Be7 16. a4 g6 17. b5 Nc5 18. Rd1 Nxd3 19. cxd3 gxf5 20. Be3 f4 21. Bf2
c5 22. a5 Qd6 23. Na4 Nd7 24. a6 b6 25. d4 Qe6 26. dxc5 Nxc5 27. Nxc5 Bxc5 28.
Bxc5 bxc5 29. Qc3 c4 30. Kh1 Rhg8 31. Qa5 Qb6 32. Qb4 f3 33. Rxd8+ Qxd8 34.
Qxc4 fxg2+ 35. Kh2 g1=Q+ 36. Rxg1 Qd2+ 37. Kh1 Rxg1+ 38. Kxg1 Qe3+ 39. Kg2 Qd2+
40. Kf1 Qd1+ 41. Kf2 Qd2+ 42. Kf3 Qf4+ 43. Ke2 Qh2+ 44. Kd1 Qg1+ 45. Kc2 Qg2+
46. Kb1 Qh1+ 47. Kb2 Kb8 48. Qd5 Qg2+ 49. Kb3 Qxh3+ 50. Kb4 Kc8 51. b6 Qe3 52.
b7+  1-0

[Event "2. Bundesliga West 2017/18"]
[Site "OMICRON Electronics"]
[Date "2017.12.02"]
[Round "4"]
[Board "6"]
[White "Sucher, Johannes"]
[Black "Poettinger, Harald"]
[Result "1/2-1/2"]
[WhiteElo "2068"]
[BlackElo "2198"]
[PlyCount "173"]
[EventDate "2017.10.13"]
[EventType "team"]
[EventRounds "11"]
[EventCountry "AUT"]
[WhiteTeam "Pradl"]
[BlackTeam "Bregenz"]

1. d4 d6 2. e4 Nf6 3. Nc3 e5 4. Nf3 Nbd7 5. h3 Be7 6. Bc4 c6 7. Bb3 O-O 8. O-O
b5 9. Re1 a6 10. a4 Bb7 11. axb5 axb5 12. Rxa8 Bxa8 13. Qe2 h6 14. Rd1 Qc7 15.
d5 b4 16. dxc6 bxc3 17. cxd7 Bxe4 18. bxc3 Rd8 19. Nd2 Bf5 20. Nc4 Bxd7 21. Be3
Bb5 22. Ra1 Rc8 23. Ra7 Qd8 24. Rb7 Ba6 25. Rb6 Ra8 26. Qd1 Bxc4 27. Bxc4 d5
28. Bb3 d4 29. cxd4 Qxb6 30. dxe5 Qd8 31. Qxd8+ Rxd8 32. exf6 Bxf6 33. g3 Bd4
34. Bf4 g5 35. Bc7 Rc8 36. Ba5 Kg7 37. Kg2 f5 38. Kf3 Kf6 39. Bb4 Rb8 40. Bd2
Ra8 41. Bc4 Ke5 42. Bd3 Ra3 43. Kg2 Kf6 44. g4 f4 45. Bb4 Ra8 46. Bd2 Rc8 47.
Bb4 Bc3 48. Bd6 Rc6 49. Bf8 Kf7 50. Ba3 Kf6 51. Bf8 Rc8 52. Bd6 Kf7 53. h4 Rd8
54. Bc7 Rd7 55. Bb8 Ke7 56. Be4 Rd8 57. hxg5 hxg5 58. Ba7 Bd4 59. Bxd4 Rxd4 60.
Kf3 Kd6 61. Bh7 Kc5 62. Bg8 Rd2 63. Bh7 Kd4 64. Bg6 Kc3 65. Bf5 Rd8 66. Bg6 Rd6
67. Bf5 Rd1 68. Ke2 Rg1 69. Kf3 Re1 70. Bg6 Re5 71. Bh7 Kd2 72. c4 Re2 73. c5
Ke1 74. c6 Rxf2+ 75. Ke4 Rc2 76. Kd5 Rc1 77. Be4 Ke2 78. Ke6 f3 79. Kf6 f2 80.
Bg2 Rxc6+ 81. Kxg5 f1=Q 82. Bxf1+ Kxf1 83. Kf5 Kg2 84. g5 Kh3 85. g6 Kh4 86. g7
Rc8 87. Kg6  1/2-1/2